000 00486pam a2200193 a 4500
020 _c
040 _aMedical College Lib
041 _aENG
_hENG
082 _a616.99466
_bMIL
100 _aMiller, A.B. .
245 _aCervical Cancer Screening Programmes /
_c
_hTextual Documents
260 _a :
_bW.H.O. ,
_c1992.
300 _a426 ;
_c
365 _a8=40
653 _aMedical Science
_a Cancer
930 _a4935
999 _c4934
_d4934